00591nam a2200169 i 4500001000700000003000900007005001700016007000300033008004100036100002000077245011800097250001300215260002900228300002200257500011000279852003200389150256ES-MaACL20230906203434.0t|071029s1956 fr ||||1| fre d1 aVaes, Urbain J.13aLa technique du financement des entreprises et spécialment des sociétés de capitaux / cpar Urbain J. Vaes. a3e éd. aParis : bDunod, c1956. a550 p. ; c25 cm. aUniversité de Louvain. Centre de Recherches en Economie et Gestion des Entrepises. Publications. Nº 6. aES-MaACLjC-11230 bR.39522